00658nam a2200181 a 450000100060000000300090000600800410001502000180005604000280007408200240010210000220012624500590014826000270020730000100023450501790024465000140042365000390043722880CO-ViMGA141112s2004 ck r 000 u spa d a9789701512401 aCO-ViMGAbspacCO-ViMGA04aMEVIGAPOR.678 M653i1 aMolina, Francisco10aInstalaciòn y mantenimiento de servicios de internet aMéxico : bAlfaomega a368p. aIntroduccion a las lineas de comunicacion, Los sistemas operativos de red, Instalacion y configuracion de servicios dhcp y dns, Instalacion y configuracion del servicio http14aINTERNET 14aSERVICIOS DE INFORMACION EN LINEA